000 00260nam a22001217a 4500
040 _cSY
082 _a664
100 _aNA
245 _aAppropriate food packaging solutions for developing countries.
260 _aFAO
_bNA
_c2011
300 _a28p.
942 _cEB
999 _c8613
_d8613